000 00947cam a2200193 4500
001 WS107573
008 000000n 000 0 eng u
035 _a(Sirsi) u107573
110 _aCameron McKenna
_93669
245 _aLawNow
520 _aFree electronic information service run by law firm Cameron McKenna aiming to keep people up-to-date with legal developments across a wide range of business sectors and legal specialisms. Registering areas of interest means you will be e-mailed details of new legal developments and articles from Cameron McKenna newsletters and bulletin. Also includes a search facility for adjudications under Part II of the Housing Grants, Construction and Regeneration Act 1996.
650 0 _aLAW FIRMS
650 _aDISPUTE RESOLUTION
_96236
650 _aADJUDICATIONS
650 _aHOUSING GRANTS CONSTRUCTION AND REGENERATION ACT 1996
690 _aLAW
856 4 0 _uhttps://www.law-now.com
942 _n0
999 _c119563
_d119563